000
00223nam a2200097Ia 4500
008
190216s9999||||xx |||||||||||||| ||und||
100
_a
Paniker
245
0
_a
Business Organisation And Management
260
_b
Null
942
_c
BK
999
_c
3826
_d
3826